[Event "Open"]
[Site "Barbera del Valles ESP"]
[Date "2005.07.05"]
[Round "2"]
[White "Exposito Cabrera,J"]
[Black "Madeira,W"]
[Result "0-1"]
[WhiteElo "2138"]
[BlackElo "2264"]

1.e4 c5 2.Nf3 Nc6 3.Bb5 g6 4.Bxc6 dxc6 5.d3 Bg7 6.h3 e5 7.Nc3 Qe7 8.O-O Nf6
9.Be3 Nd7 10.Qd2 h6 11.Nh2 Nf8 12.f4 exf4 13.Rxf4 Ne6 14.Rf2 h5 15.Raf1 O-O
16.Kh1 Bd7 17.Bh6 Rad8 18.Bxg7 Kxg7 19.Qe3 Bc8 20.g4 hxg4 21.Nxg4 Qh4 22.Rh2 b6
23.Qf3 f5 24.exf5 Rxf5 25.Qg2 Rxf1+ 26.Qxf1 Rf8 27.Qg1 Ng5 28.Kg2 Bxg4 29.hxg4 Qxg4+
30.Kh1 Qxg1+  0-1

[Event "DMP 1st League"]
[Site "Koszalin POL"]
[Date "2005.07.05"]
[Round "1"]
[White "Gumula,D"]
[Black "Rutkowski,M"]
[Result "1/2-1/2"]
[WhiteElo "2287"]
[BlackElo "2358"]

1.e4 c5 2.Nf3 Nc6 3.Bb5 e6 4.O-O Nge7 5.Re1 a6 6.Bf1 d5 7.exd5 Nxd5 8.d4 Be7
9.a3 cxd4 10.Nxd4 Nxd4 11.Qxd4 O-O 12.c4 Bf6 13.Qg4 Ne7 14.Nc3 Bxc3 15.bxc3 e5
16.Qg3 f6 17.f4 Qb6+ 18.Be3 Qc7 19.Qf2 Be6 20.Bb6 Qc6 21.Bc5 Rf7 22.Rad1 Rc8
23.Bxe7 Rxe7 24.fxe5 Bxc4 25.Bxc4+ Qxc4 26.exf6 Rf7 27.Qg3 Rxf6 28.Rd4 Qc5
29.h3 Rf7 30.Qd3 Qxa3 31.Re3 Rcf8 32.Rh4 g6 33.Rg3 Qc5+ 34.Kh2 Qf5 35.Qd4 Qf6
36.Qe4 Re7 37.Qd5+ Qf7 38.Qg5 Re6 39.Qh6 Rf6 40.Rd4 b5 41.Qd2 Qg7 42.Rd7 R6f7
43.Qa2 Kh8 44.Rxf7 Rxf7 45.Qxa6 Qe5 46.Qc8+ Kg7 47.Qg4 Qc7 48.Qg5  1/2-1/2

[Event "4th Open"]
[Site "La Fere FRA"]
[Date "2005.07.06"]
[Round "6"]
[White "Shirazi,K"]
[Black "Vilpoux,J"]
[Result "1-0"]
[WhiteElo "2410"]
[BlackElo "2090"]

1.e4 c5 2.Nf3 Nc6 3.Bb5 g6 4.O-O Bg7 5.Re1 Nf6 6.c3 O-O 7.h3 Na5 8.Bf1 d5
9.e5 Ne8 10.b4 cxb4 11.cxb4 Nc6 12.a3 f6 13.exf6 exf6 14.Bb2 b6 15.Nc3 Bb7
16.Rc1 Kh8 17.Nb5 Rc8 18.Rxc6 Rxc6 19.Nxa7 Rc4 20.d3 Rf4 21.Nd4 Nc7 22.g3 Rxd4
23.Bxd4 Qd6 24.Qe2 Re8 25.Qxe8+ Nxe8 26.Rxe8+ Bf8 27.Nb5 Qd7 28.Rxf8+ Kg7
29.Rxf6 Kg8 30.Nd6  1-0

[Event "ch-SCO"]
[Site "Oban SCO"]
[Date "2005.07.06"]
[Round "5"]
[White "Pritchett,C"]
[Black "Aagaard,J"]
[Result "0-1"]
[WhiteElo "2288"]
[BlackElo "2442"]

1.e4 c5 2.Nf3 Nc6 3.Bb5 e6 4.O-O Nge7 5.Re1 a6 6.Bf1 d5 7.exd5 Nxd5 8.d4 Nf6
9.Be3 Be7 10.Nc3 Ng4 11.dxc5 Nxe3 12.Qxd8+ Kxd8 13.Rxe3 Bxc5 14.Rd1+ Kc7
15.Red3 Be7 16.Ne4 Rd8 17.Rxd8 Nxd8 18.Ne5 f6 19.Nc4 Nf7 20.g3 f5 21.Nc3 Rb8
22.Bg2 Bf6 23.Rd3 Bd7 24.a4 Ne5 25.Nxe5 Bxe5 26.b3 Bf6 27.Nd1 Bc6 28.Bxc6 Kxc6
29.Kf1 g5 30.Ke2 h5 31.Re3 Kd7 32.Rd3+ Kc6 33.Re3 Re8 34.Rd3 g4 35.Ne3 b5
36.axb5+ axb5 37.c4 b4 38.Nc2 Bc3 39.Nd4+ Bxd4 40.Rxd4 Ra8 41.Ke3 Ra1 42.Kf4 Rh1
43.Ke5 Rxh2 44.Kxe6 Rxf2 45.Rd6+ Kc7 46.Rd7+ Kc8 47.Rh7 Rf3 48.Rxh5 f4 49.gxf4 Rxb3
50.f5 Re3+ 51.Kd6 b3 52.f6 Rf3 53.Ke7 g3 54.Rg5 Rxf6 55.Rxg3 Rb6 56.c5 b2
57.cxb6 b1=Q 58.Rg8+ Kb7 59.Rf8  0-1

[Event "VISUS Open"]
[Site "Prague CZE"]
[Date "2005.07.06"]
[Round "5"]
[White "Korenek,F"]
[Black "Ruzyak,P"]
[Result "1-0"]
[WhiteElo "2147"]
[BlackElo "1913"]

1.e4 c5 2.Nf3 Nc6 3.Bb5 e6 4.O-O Nge7 5.Re1 a6 6.Bf1 Ng6 7.c3 Bd6 8.d4 O-O
9.Nbd2 b5 10.e5 Bc7 11.Ne4 cxd4 12.cxd4 Bb7 13.Nc5 Rb8 14.Bd3 d6 15.Bg5 Nce7
16.Nxb7 Rxb7 17.Qe2 dxe5 18.dxe5 h6 19.Bxe7 Qxe7 20.Qe4 Ba5 21.Red1 Rd8 22.Bc2 Rbd7
23.Rxd7 Qxd7 24.h4 Qd5 25.Qxd5 Rxd5 26.Bxg6 fxg6 27.Rc1 Bb6 28.g3 Rc5 29.Rxc5 Bxc5
30.Kg2 Kf7 31.Ne1 Be7 32.Kf3 g5 33.h5 a5 34.Nd3 Bf8 35.Ke4 g6 36.g4 gxh5
37.gxh5  1-0

[Event "2nd RUS Pupils Summer Boys"]
[Site "Satka RUS"]
[Date "2005.07.06"]
[Round "9"]
[White "Lanin,A"]
[Black "Konovalov,N"]
[Result "1/2-1/2"]
[WhiteElo "2407"]
[BlackElo "2416"]

1.e4 c5 2.Nf3 Nc6 3.Bb5 g6 4.O-O Nf6 5.Re1 Bg7 6.c3 O-O 7.d4 d5 8.e5 Ne4
9.Nbd2 Nxd2 10.Bxd2 Qb6 11.Bxc6 Qxc6 12.dxc5 Qxc5 13.Be3 Qc4 14.Bg5 Re8 15.Nd4 Bd7
16.h4 h6 17.Bf4 e6 18.h5 b5 19.hxg6 fxg6 20.Re3 Rf8 21.Qg4 g5 22.Bg3 Qc5
23.f4 Qe7 24.Nf3 Rf5 25.fxg5 hxg5 26.Nd4 Rf7 27.Rf3 Raf8 28.Raf1 Bh6 29.Bf4 Rg7
30.Be3 Rgf7 31.Rxf7 Rxf7 32.Rxf7 Qxf7 33.Bxg5 Qg6 34.Nf3 Bg7 35.Kh2 Be8 36.Kg3 a5
37.b4 axb4 38.cxb4 Bf7 39.a3 Be8 40.Qf4 Bf7 41.Kh2 Qe4 42.Qg3 Bg6 43.Bf6 Bh6
44.Ng5 Bxg5 45.Qxg5 Qf5 46.Qc1 Be8 47.Qc3 Qh5+ 48.Kg1 Qd1+ 49.Kf2 Qg4 50.g3 Qf5+
51.Kg2 Qe4+ 52.Kf2  1/2-1/2

[Event "2nd RUS Pupils Summer Boys"]
[Site "Satka RUS"]
[Date "2005.07.06"]
[Round "9"]
[White "Lovkov,R"]
[Black "Matsenko,S"]
[Result "0-1"]
[WhiteElo "2351"]
[BlackElo "2284"]

1.e4 c5 2.Nf3 Nc6 3.Bb5 e6 4.Bxc6 bxc6 5.d3 Ne7 6.h4 h5 7.Nc3 Qc7 8.Ne2 e5
9.Nfg1 d6 10.f4 exf4 11.Nxf4 Bg4 12.Nf3 Ng6 13.Nxg6 fxg6 14.Bg5 Be7 15.Qd2 O-O
16.Nh2 Bxg5 17.hxg5 Qd7 18.Qe3 d5 19.e5 Rae8 20.Kd2 d4 21.Qg3 Qf5  0-1

[Event "34th TCh-GRE"]
[Site "Ermioni Argolidas GRE"]
[Date "2005.07.07"]
[Round "4"]
[White "Hadzidakis,M"]
[Black "Dembo,Y"]
[Result "1/2-1/2"]
[WhiteElo "2271"]
[BlackElo "2428"]

1.e4 c5 2.Nf3 Nc6 3.Bb5 g6 4.O-O Bg7 5.Re1 Nf6 6.c3 O-O 7.e5 Nd5 8.d4 cxd4
9.cxd4 d6 10.Nc3 Nc7 11.Bxc6 bxc6 12.h3 Rb8 13.b3 Ne6 14.Ba3 Bb7 15.Ne4 c5
16.dxc5 Qa5 17.Qc1 Bxe4 18.Rxe4 dxc5 19.Ra4 Qc7  1/2-1/2

[Event "Open A"]
[Site "Klatovy CZE"]
[Date "2005.07.07"]
[Round "6"]
[White "Turner,Ja"]
[Black "Pekarek,P"]
[Result "1/2-1/2"]
[WhiteElo "2346"]
[BlackElo "2127"]

1.e4 c5 2.Nf3 Nc6 3.Bb5 g6 4.Bxc6 dxc6 5.h3 Bg7 6.d3 e5 7.Nc3 Ne7 8.Be3 b6
9.Qd2 h6 10.Nh2 Be6 11.f4 exf4 12.Bxf4 g5 13.Bg3 f5 14.Nf3 f4 15.Bf2 Qd7
16.O-O-O Bd4 17.h4 Rg8 18.hxg5 hxg5 19.Rh7 O-O-O 20.Bxd4 cxd4 21.Nxd4 Qxd4
22.Rxe7 Bg4 23.Rf1 Rg7 24.Rxg7 Qxg7 25.Qf2 Rh8 26.Qg1 Qh6 27.g3 f3 28.Nd1 Rf8
29.Ne3 Bh3 30.Rf2 g4 31.Qe1 Rh8 32.Qd2 Bg2 33.Nxg4 Qh1+ 34.Qd1 Qh3 35.Rxf3 Bxf3
36.Qxf3 Qh1+ 37.Qxh1 Rxh1+ 38.Kd2 Rg1 39.Ne5 Kc7 40.g4 Kd6 41.d4 Rg2+ 42.Kc3 Rg3+  1/2-1/2

[Event "DMP 1st League"]
[Site "Koszalin POL"]
[Date "2005.07.07"]
[Round "3"]
[White "Bebel,A"]
[Black "Tokarski,L"]
[Result "0-1"]
[WhiteElo "1990"]
[BlackElo "2105"]

1.e4 c5 2.Nf3 Nc6 3.Bb5 g6 4.O-O Bg7 5.c3 Nf6 6.Qa4 O-O 7.d4 Qc7 8.Nbd2 cxd4
9.cxd4 d5 10.e5 Nd7 11.Qb3 Nb6 12.a4 a5 13.Rd1 Nb4 14.Nf1 Bf5 15.Ne3 Nc2
16.Ra2 Nxe3 17.Qxe3 Qc2 18.Re1 Rfc8 19.Bd2 Nc4 20.Bxc4 Qxc4 21.Raa1 Qa6 22.Bc3 Rc7
23.Qf4 e6 24.h3 Rac8 25.Nh2 Rc4 26.Ng4 Bxg4 27.Qxg4 Qc6 28.Qd1 b6 29.Kh2 Bf8
30.h4 Bb4 31.Bxb4 Rxb4 32.Re2 Qc7 33.g3 Qc4 34.Rd2 Rb3 35.h5 Kg7 36.Qg4 Qc7
37.Qf4 Qd8 38.Kg2 h6 39.hxg6 Kxg6 40.Qg4+ Qg5 41.Qd1 Rb4 42.Ra3 Rbc4 43.Rf3 Kg7
44.Rf6 h5 45.Qf3 R8c7 46.Rd1 Qg4 47.Qd3 Qe4+ 48.Qxe4 dxe4 49.b3 Rb4 50.Rf4 Rxb3
51.Rxe4 Rb4 52.Ra1 Rcc4 53.Kf3 Rxa4 54.Rxa4 Rxa4 55.Ke3 Ra3+ 56.Ke2 b5 57.Rh4 Kg6
58.Rh1 b4 59.Rb1 Kf5 60.f3 f6 61.g4+ hxg4 62.fxg4+ Kg6 63.exf6 Kxf6 64.Kd2 Kg5
65.Kc2 Kxg4 66.Re1 Kf5 67.Re5+ Kf6 68.Rb5 Ke7 69.Kb2 Kd6 70.Kc2 Kc6 71.Re5 Rc3+
72.Kb2 a4 73.Rxe6+ Kd5 74.Rb6 Rb3+ 75.Ka2 Kxd4 76.Rh6 Re3 77.Rh2 Kd3 78.Rh4 Kc3  0-1

[Event "DMP 1st League"]
[Site "Koszalin POL"]
[Date "2005.07.07"]
[Round "3"]
[White "Kwiatkowski,M"]
[Black "Zapolski,K"]
[Result "0-1"]
[WhiteElo "2123"]
[BlackElo "2180"]

1.e4 c5 2.Nf3 Nc6 3.Bb5 g6 4.Bxc6 dxc6 5.d3 Bg7 6.h3 e5 7.Be3 b6 8.Nc3 Ne7
9.Qd2 h6 10.O-O Be6 11.Nh2 g5 12.h4 gxh4 13.f4 exf4 14.Rxf4 Ng6 15.Rf2 Qc7
16.Ne2 Bxb2 17.Raf1 Be5 18.Nf3 Bg3 19.Nxg3 hxg3 20.Re2 O-O-O 21.a4 Bg4 22.a5 Ne5
23.Bf4 f6 24.axb6 axb6 25.Bxg3 Bxf3 26.gxf3 Rdg8 27.Rg2 h5 28.Qf4 Qg7 29.Rff2 h4
30.Bxh4 Qh7 31.Rxg8+ Rxg8+ 32.Kf1 Qa7 33.Qf5+ Nd7 34.Bxf6 Qa2 35.Bc3 Qb1+  0-1

[Event "DMP 1st League"]
[Site "Koszalin POL"]
[Date "2005.07.07"]
[Round "4"]
[White "Szwed,J"]
[Black "Gajdzica,M"]
[Result "1/2-1/2"]
[WhiteElo "2162"]
[BlackElo "2052"]

1.e4 c5 2.Nf3 Nc6 3.Bb5 g6 4.O-O Bg7 5.c3 Nf6 6.Re1 O-O 7.d4 cxd4 8.cxd4 d5
9.e5 Ne4 10.Bxc6 bxc6 11.Nbd2 Nxd2 12.Nxd2 c5 13.Nb3 c4 14.Nc5 Qb6 15.Re2 Bf5
16.Bf4 Rfc8 17.Qd2 a5 18.f3 Bd3 19.Nxd3 cxd3 20.Qxd3 Rc4 21.Rd1 Rac8 22.h3 f6
23.Be3 a4 24.f4 f5 25.Bf2 Bh6 26.g3 e6 27.Be1 Bf8 28.Kg2 Qc6 29.g4 Bh6 30.Kg3 Rf8
31.Rf2 Qc7 32.Rdd2 g5 33.fxg5 Bxg5 34.Rc2 Qe7 35.Kg2 fxg4 36.hxg4 Rxf2+ 37.Bxf2 Qb7
38.Kh3 Qf7 39.Kg2 Qf4 40.Rxc4 Qxg4+ 41.Qg3 Qxg3+ 42.Kxg3 dxc4 43.Be1 Bc1
44.Bc3 Kf7 45.Kf3 h5 46.Ke4 h4 47.d5 exd5+ 48.Kxd5 Ke7 49.Be1 h3 50.Bh4+ Ke8
51.Bg3 Bxb2 52.Kxc4 Kd7 53.Kd5 Bc1 54.e6+ Ke8 55.Bd6 Ba3 56.Bg3 Ke7 57.Bh4+ Ke8
58.Bg3 Bb2 59.Bd6 Ba3 60.Bg3 Be7 61.Ke4 Bc5 62.Bh2 Ke7 63.Kd5 Ba7 64.Bd6+ Ke8
65.Bh2 Be3 66.Ke4 Bb6 67.Kd5 Bf2 68.Kd6 Be3 69.Kd5 Ba7 70.Bd6 Bg1 71.Kc4 a3
72.Kb4 Kd8 73.Bg3 Ke7 74.Kxa3 Kxe6 75.Kb4 Kf5 76.a4 Kg4 77.Be5 Bf2 78.Bh2 Kf3
79.a5 Kg2 80.Be5 Bg3 81.a6 Bf2  1/2-1/2

[Event "Open A"]
[Site "Klatovy CZE"]
[Date "2005.07.08"]
[Round "7"]
[White "Ptacnik,S"]
[Black "Novak,Jar"]
[Result "1/2-1/2"]
[WhiteElo "2136"]
[BlackElo "2035"]

1.e4 c5 2.Nf3 Nc6 3.Bb5 a6 4.Bxc6 dxc6 5.d3 Bg4 6.h3 Bh5 7.Be3 e6 8.Nbd2 Nf6
9.Qe2 Qa5 10.O-O Nd7 11.Qe1 Bxf3 12.gxf3 Be7 13.f4 O-O-O 14.a3 Qc7 15.Nc4 e5
16.fxe5 Nxe5 17.f4 Nxc4 18.dxc4 f5 19.e5 Rhg8 20.Kh2 g5 21.Rg1 b6  1/2-1/2

[Event "VISUS Open"]
[Site "Prague CZE"]
[Date "2005.07.08"]
[Round "7"]
[White "Kubecka,D"]
[Black "Korenek,F"]
[Result "1/2-1/2"]
[WhiteElo "2252"]
[BlackElo "2147"]

1.e4 c5 2.Nf3 Nc6 3.Bb5 e6 4.O-O Nge7 5.Re1 a6 6.Bxc6 Nxc6 7.d4 cxd4 8.Nxd4 d6
9.c4 Be7 10.Nc3 Bd7 11.Be3 O-O 12.Rc1 Rc8 13.b3 Qa5 14.Qd2 Rfd8 15.Nxc6 Bxc6
16.Nd5 Qxd2 17.Nxe7+ Kf8 18.Bxd2 Kxe7 19.Ba5 Rd7 20.Bb4 f6 21.Rcd1 b5 22.cxb5 Bxb5
23.Rd2 Bc6 24.f3 Bb7 25.Red1 Rc6 26.Kf2 e5 27.Ke3 Ke6 28.g3 Rb6 29.Bc5 Rc6
30.Bb4  1/2-1/2

[Event "57th ch-Montenegro"]
[Site "Cetinje SCG"]
[Date "2005.07.09"]
[Round "2"]
[White "Miljanic,B"]
[Black "Brajovic,R"]
[Result "1-0"]
[WhiteElo "2435"]
[BlackElo "2296"]

1.e4 c5 2.Nf3 Nc6 3.Bb5 Qc7 4.O-O e6 5.Bxc6 Qxc6 6.Nc3 a6 7.d4 cxd4 8.Nxd4 Qc7
9.Bg5 b5 10.Re1 f6 11.Bh4 Bb7 12.Bg3 Qb6 13.a4 bxa4 14.Nxa4 Qa7 15.c3 e5
16.Bxe5 fxe5 17.Qh5+ Kd8 18.Qxe5 Qb8 19.Qa5+ Ke8 20.Nb6 Nf6 21.e5 Ng4 22.h3 Nh6
23.e6 d5 24.Qa4+ Ke7 25.Qd7+ Kf6 26.e7  1-0

[Event "Open"]
[Site "Condom FRA"]
[Date "2005.07.09"]
[Round "1"]
[White "Fedorchuk,S"]
[Black "Beaurain,J"]
[Result "1-0"]
[WhiteElo "2571"]
[BlackElo "2109"]

1.e4 c5 2.Nf3 Nc6 3.Bb5 g6 4.Bxc6 dxc6 5.d3 Bg7 6.h3 e5 7.Be3 Qe7 8.Nc3 Nf6
9.Qd2 O-O 10.Bh6 Ne8 11.O-O-O f6 12.Rdg1 Nc7 13.Bxg7 Qxg7 14.g4 Ne6 15.h4 b6
16.Nd1 Ba6 17.Ne3 Rad8 18.Nf5 Qc7 19.Nh6+ Kh8 20.Qe3 c4 21.dxc4 Bxc4 22.b3 Ba6
23.g5 Nf4 24.Kb1 Qe7 25.gxf6 Rxf6 26.Ng4 Re6 27.Ng5 Rd3 28.cxd3 Bxd3+ 29.Kb2  1-0

[Event "34th TCh-GRE"]
[Site "Ermioni Argolidas GRE"]
[Date "2005.07.10"]
[Round "8"]
[White "Goritsas,C"]
[Black "Skembris,S"]
[Result "1/2-1/2"]
[WhiteElo "2260"]
[BlackElo "2436"]

1.e4 c5 2.Nf3 Nc6 3.Bb5 g6 4.O-O Bg7 5.c3 Nf6 6.e5 Nd5 7.d4 cxd4 8.cxd4 O-O
9.Nc3 Nxc3 10.bxc3 d6 11.exd6 Qxd6 12.a4 Bg4 13.h3 Bxf3 14.Qxf3 Rac8 15.Ba3 Qf6
16.Qxf6 Bxf6 17.Rae1 Nd8 18.Bxe7 Bxe7 19.Rxe7 a6 20.Be2 Rxc3 21.Bf3 Rc4 22.Ra1 Rxd4
23.Bxb7  1/2-1/2

[Event "Open A"]
[Site "Klatovy CZE"]
[Date "2005.07.10"]
[Round "9"]
[White "Palek,M"]
[Black "Sott,P"]
[Result "1/2-1/2"]
[WhiteElo "2282"]
[BlackElo "2102"]

1.e4 c5 2.Nf3 Nc6 3.Bb5 g6 4.O-O Bg7 5.c3 Nf6 6.Re1 O-O 7.d4 cxd4 8.cxd4 d5
9.e5 Ne4 10.h3 f6  1/2-1/2

[Event "16th Open"]
[Site "Ljubljana SLO"]
[Date "2005.07.10"]
[Round "3"]
[White "Samuelli,D"]
[Black "Srebrnic,M"]
[Result "0-1"]
[WhiteElo "1986"]
[BlackElo "2238"]

1.e4 c5 2.Nf3 Nc6 3.Bb5 g6 4.c3 Nf6 5.e5 Nd5 6.Bxc6 dxc6 7.d4 cxd4 8.Nxd4 Bg7
9.f4 O-O 10.O-O c5 11.Ne2 Be6 12.Na3 Qc7 13.Ng3 Rad8 14.Qe2 Qc8 15.h3 a6
16.Nc2 b5 17.Qf3 Nb6 18.b3 f5 19.exf6 exf6 20.f5 Bd5 21.Qg4 Bf7 22.Ne3 Qd7
23.Ba3 Qc7 24.Rae1 g5 25.h4 h6 26.hxg5 hxg5 27.Nh5 Rfe8 28.Qh3 Rd3 29.Bc1 Qc6
30.Qh2 Re4 31.Nxg7 Kxg7 32.Rf3 Rh4 33.Rh3 Rxh3 34.Qxh3 Nd5 35.Kf2 Nf4 36.Qh2 Qd7
37.Ng4 Bh5 38.Bxf4 Bxg4 39.Bxg5 fxg5 40.f6+ Kg6 41.Qh8 Qf5+ 42.Kg1 Qxf6 43.Qg8+ Kh6
44.Rf1 Rd1 45.Rxd1 Bxd1 46.Qb8 Be2 47.a4 Qf1+ 48.Kh2 Qf4+ 49.Qxf4 gxf4 50.axb5 axb5
51.b4 cxb4 52.cxb4 Kg5 53.Kh3 Bf1 54.Kh2 Kg4 55.Kg1 Bc4 56.Kh2 Bd5 57.Kg1 Kg3
58.Kh1 Bxg2+ 59.Kg1 Be4 60.Kf1 f3  0-1

[Event "ch-Paris Open"]
[Site "Paris FRA"]
[Date "2005.07.10"]
[Round "2"]
[White "Perez,Rod"]
[Black "Larrat,P"]
[Result "1-0"]
[WhiteElo "2442"]
[BlackElo "2195"]

1.e4 c5 2.Nf3 Nc6 3.Bb5 g6 4.O-O Bg7 5.Re1 Nf6 6.e5 Nd5 7.Nc3 Nc7 8.Bxc6 dxc6
9.Ne4 Ne6 10.d3 b6 11.Be3 O-O 12.Qd2 Re8 13.Bh6 Bh8 14.Neg5 f6 15.Nxe6 Bxe6
16.Qf4 Qd7 17.Re3 Bg4 18.Nd2 fxe5 19.Qc4+ Be6 20.Qh4 Qd4 21.Ne4 Qxb2 22.Rae1 Bd5
23.Rh3 Qxa2 24.Bc1 h5 25.Rg3 Bxe4 26.Qxe4 Red8 27.Qxg6+  1-0

[Event "Open"]
[Site "Barbera del Valles ESP"]
[Date "2005.07.11"]
[Round "8"]
[White "De la Paz,F"]
[Black "Gomez Jurado,L"]
[Result "1-0"]
[WhiteElo "2464"]
[BlackElo "2292"]

1.e4 c5 2.Nf3 Nc6 3.Bb5 e6 4.Bxc6 bxc6 5.d3 Ne7 6.Qe2 Ng6 7.h4 Be7 8.h5 Nh4
9.Nxh4 Bxh4 10.e5 f5 11.Nd2 O-O 12.Nc4 Ba6 13.Bd2 Bg5 14.O-O-O Bxc4 15.dxc4 Bxd2+
16.Qxd2 Rf7 17.f4 Rb8 18.Rh3 Rb4 19.b3 Rb7 20.Rd3 h6 21.Rg1 Kh8 22.Kb1 Qb6
23.g4 Qb4 24.Qg2 fxg4 25.Qe4 Rb8 26.Rxg4 Rbf8 27.Kb2 Qb8 28.Qe3 Qe8 29.Rd2 Qe7
30.Rdg2 d5 31.exd6 Qxd6 32.Ka3 Qd4 33.Qxe6 Rb7 34.f5 Qd1 35.Rg1 Qd7 36.Rg6 Qxe6
37.fxe6 Rf5 38.Rd1 Rxh5 39.Rd7 Rb8 40.Rgxg7  1-0

[Event "57th ch-Montenegro"]
[Site "Cetinje SCG"]
[Date "2005.07.11"]
[Round "4"]
[White "Popadic,Dr"]
[Black "Krivokapic,M"]
[Result "1/2-1/2"]
[WhiteElo "2281"]
[BlackElo "2338"]

1.e4 c5 2.Nf3 Nc6 3.Bb5 g6 4.O-O Bg7 5.Re1 Nf6 6.e5 Nd5 7.Nc3 Nc7 8.Bxc6 dxc6
9.Ne4 Ne6 10.d3 O-O 11.Be3 b6 12.Qd2 Nd4 13.Nxd4 cxd4 14.Bh6 c5 15.Bxg7 Kxg7
16.Qf4 Bb7 17.Ng3 Qd5 18.f3 h6 19.b3  1/2-1/2

[Event "Open"]
[Site "Condom FRA"]
[Date "2005.07.11"]
[Round "4"]
[White "Lemeaux,D"]
[Black "Darrigues,A"]
[Result "1-0"]
[WhiteElo "2213"]
[BlackElo "2054"]

1.e4 c5 2.Nf3 Nc6 3.Bb5 g6 4.O-O Bg7 5.Bxc6 dxc6 6.h3 e5 7.d3 Ne7 8.Be3 b6
9.Qd2 h6 10.Nc3 f5 11.exf5 Nxf5 12.Rae1 O-O 13.Qc1 Nxe3 14.Qxe3 Re8 15.Nd2 Be6
16.Qe4 Bxh3 17.Qxg6 Bd7 18.Re3 Re6 19.Qe4 Qg5 20.Nc4 Rf8 21.Rg3 Qe7 22.Qe2 b5
23.Ne3 Ref6 24.Ne4 Rf4 25.Qh5 Rh4 26.Qg6 Kh8 27.Nxc5 Be8 28.Qxg7+ Qxg7 29.Rxg7 Kxg7
30.Ne6+ Kg8 31.Nxf8 Kxf8 32.g4 h5 33.f3 Bd7 34.Kg2 hxg4 35.fxg4+ Ke7 36.Rh1 Rxh1
37.Kxh1 Kf6 38.Kg2 Kg5 39.Kf3 Be6 40.c4 Bf7 41.Ke4 Bg6+ 42.Kxe5 Bxd3 43.c5 Be2
44.Nf5 Bc4 45.a3 Bd5 46.Nd4 Kxg4 47.Kd6  1-0

[Event "DMP 1st League"]
[Site "Koszalin POL"]
[Date "2005.07.11"]
[Round "8"]
[White "Warakomski,T"]
[Black "Gajdzica,M"]
[Result "1/2-1/2"]
[WhiteElo "2375"]
[BlackElo "2052"]

1.e4 c5 2.Nf3 Nc6 3.Bb5 g6 4.Bxc6 dxc6 5.d3 Bg7 6.h3 Nf6 7.Nc3 O-O 8.Be3 Nd7
9.Qd2 e5 10.Bh6 Re8 11.O-O-O b5 12.Rdf1 Nf8 13.Bxg7 Kxg7 14.h4 h6 15.g3 a5
16.h5 g5 17.Kb1 a4 18.Ne2 f6 19.Qe3 Ne6 20.Nd2 a3 21.b3 Nd4 22.c3 Nxe2 23.Qxe2 Ra7
24.f4 Rd7 25.Kc2 Ba6 26.Rf3 c4 27.fxg5 fxg5 28.dxc4 bxc4 29.bxc4 Qa5 30.Nb3 Qa4
31.Rd1 Red8 32.Rxd7+ Rxd7 33.Rd3 Rxd3 34.Qxd3 Bxc4 35.Qd7+ Bf7 36.Qf5 Qb5
37.Qf3 c5 38.g4 c4 39.Nc1 Qb2+ 40.Kd1 Be8 41.Qe3 Ba4+ 42.Ke1 Bd7 43.Ne2 Bxg4
44.Qa7+ Kf6 45.Qa6+ Be6 46.Qd6 Qxa2 47.Qf8+ Bf7 48.Qxh6+ Ke7 49.Qxg5+ Kd7
50.Qg7 Ke6 51.Qh6+ Kd7 52.Qg7 Ke6 53.Qh6+  1/2-1/2

[Event "DMP 1st League"]
[Site "Koszalin POL"]
[Date "2005.07.11"]
[Round "9"]
[White "Zapolski,K"]
[Black "Adamski,M"]
[Result "0-1"]
[WhiteElo "2180"]
[BlackElo "2287"]

1.e4 c5 2.Nf3 Nc6 3.Bb5 d6 4.Bxc6+ bxc6 5.O-O e5 6.d3 g6 7.Be3 Bg7 8.Qd2 f5
9.exf5 gxf5 10.Re1 Ne7 11.Bg5 h6 12.Bh4 Qc7 13.d4 cxd4 14.Bxe7 Qxe7 15.Nxd4 Bd7
16.Nc3 O-O 17.Rad1 d5 18.Kh1 f4 19.f3 Qh4 20.Nde2 Rae8 21.Ng1 Bf5 22.Nce2 Re6
23.Nc1 e4 24.c3 Rg6 25.Re2 Kh7 26.Qe1 Qh5 27.Nb3 e3 28.Nd4 Bc8 29.b4 Bf6
30.a4 Rfg8 31.Rb1 Bh4 32.Qf1 Bg3 33.h3 Bf2 34.Rbb2 Rxg2 35.Rxf2 Bxh3  0-1

[Event "7th Festival IM"]
[Site "Saint Lo FRA"]
[Date "2005.07.11"]
[Round "4"]
[White "Mullon,J"]
[Black "Saric,Iv"]
[Result "0-1"]
[WhiteElo "2367"]
[BlackElo "2284"]

1.e4 c5 2.Nf3 Nc6 3.Bb5 g6 4.Bxc6 dxc6 5.h3 Bg7 6.d3 Nf6 7.O-O Nd7 8.Nc3 e5
9.a3 Qe7 10.b4 O-O 11.Na4 cxb4 12.axb4 b5 13.Nc5 Nxc5 14.bxc5 Qxc5 15.Qd2 b4
16.Bb2 a5 17.c3 Ba6 18.Rfc1 Qb5 19.d4 exd4 20.cxd4 Rfd8 21.Qf4 a4 22.Rab1 Qb8
23.Qe3 Qd6 24.e5 Qd5 25.Ba1 Rab8 26.Ng5 a3 27.Rc5 Qa2 28.Re1 h6 29.Ne4 Qe6
30.Ra5 Bc4 31.Nc5 Qe7 32.Qc1 Bd5 33.g3 Ra8 34.Rxa8 Rxa8 35.e6 fxe6 36.Nxe6 Re8
37.Re3 Bxe6 38.Qxc6 b3 39.d5 b2 40.Bxb2 axb2  0-1

[Event "ch-IRL"]
[Site "Dublin IRL"]
[Date "2005.07.12"]
[Round "4"]
[White "Jeffares,S"]
[Black "MacElligott,G"]
[Result "1-0"]
[WhiteElo "2077"]
[BlackElo "2133"]

1.e4 c5 2.Nf3 Nc6 3.Bb5 g6 4.Bxc6 dxc6 5.d3 Nf6 6.h3 Bg7 7.Nc3 Nd7 8.Be3 e5
9.Qd2 Qe7 10.Bh6 f6 11.Ne2 Nf8 12.Bxg7 Qxg7 13.c3 Ne6 14.Nh2 Bd7 15.f4 exf4
16.Nxf4 O-O-O 17.O-O f5 18.Nxe6 Bxe6 19.Qe3 fxe4 20.dxe4 Qe7 21.Rfe1 Rhe8
22.a4 Bf5 23.Nf3 b6 24.a5 Kb7 25.axb6 axb6 26.Qe2 b5 27.b4 cxb4 28.Qf2 Bd7
29.Qa7+ Kc8 30.Qb6 Bxh3 31.Qxc6+  1-0

[Event "16th Open"]
[Site "Ljubljana SLO"]
[Date "2005.07.12"]
[Round "6"]
[White "Barle,J"]
[Black "Kuziola,M"]
[Result "1-0"]
[WhiteElo "2408"]
[BlackElo "2296"]

1.e4 c5 2.Nf3 Nc6 3.Bb5 g6 4.O-O Bg7 5.c3 Nf6 6.d4 cxd4 7.cxd4 Nxe4 8.d5 Nd6
9.Na3 Ne5 10.Nxe5 Bxe5 11.Re1 Bf6 12.h4 Nxb5 13.Nxb5 d6 14.Bh6 Qb6 15.Qe2 Bd7
16.a4 Bxb5 17.axb5 Qd4 18.Bg7 Rg8 19.Bxf6 Qxf6 20.b6 a6 21.Rac1 e5 22.dxe6 fxe6
23.Rc7 Rg7 24.Rxg7 Qxg7 25.Qxe6+ Kf8 26.Qxd6+ Kg8 27.Re7 Qxb2 28.Qd5+ Kh8
29.Qf7 Qc1+ 30.Kh2 Qh6 31.Qf6+ Kg8 32.g4 Rf8 33.Qe6+ Kh8 34.Qe5+ Kg8 35.Qd5+ Kh8
36.Qd4+ Kg8 37.g5  1-0

[Event "ch-IRL"]
[Site "Dublin IRL"]
[Date "2005.07.13"]
[Round "5"]
[White "MacElligott,G"]
[Black "Beveridge,A"]
[Result "1/2-1/2"]
[WhiteElo "2133"]
[BlackElo "2128"]

1.e4 c5 2.Nf3 Nc6 3.Bb5 g6 4.Bxc6 dxc6 5.d3 Bg7 6.Nc3 e5 7.Be3 Qe7 8.h3 Nf6
9.Qd2 O-O 10.Bh6 Ne8 11.O-O-O f6 12.Nh2 Nc7 13.Bxg7 Qxg7 14.f4 Ne6 15.fxe5 fxe5
16.Rhf1 Bd7 17.Rxf8+ Rxf8 18.Rf1 Rxf1+ 19.Nxf1 Qf6 20.Ne3 Nf4 21.Ncd1 b6
22.Qf2 Kg7 23.Kd2 Be6 24.b3 h5 25.h4 Bf7 26.g3 Ne6 27.Qxf6+ Kxf6 28.Nc3 Nd4
29.Ne2 Be6 30.Nxd4 cxd4 31.Nd1 g5 32.Nf2 gxh4 33.gxh4 Bg4 34.a3 Bf3 35.Ke1 c5
36.Kd2 Bg4 37.Ke1 Bf3 38.Kd2 Bg4  1/2-1/2

[Event "16th Open"]
[Site "Ljubljana SLO"]
[Date "2005.07.14"]
[Round "8"]
[White "Volf,Z"]
[Black "Kuziola,M"]
[Result "1-0"]
[WhiteElo "2124"]
[BlackElo "2296"]

1.e4 c5 2.Nf3 Nc6 3.Bb5 Nd4 4.Nxd4 cxd4 5.c3 e5 6.cxd4 exd4 7.O-O Ne7 8.Qb3 Nc6
9.Bc4 Qe7 10.Bd5 g6 11.Na3 Bg7 12.d3 O-O 13.Bf4 d6 14.Rac1 Be6 15.Nb5 Rfd8
16.Qa3 a6 17.Nxd6 Be5 18.Nxb7 Qxa3 19.bxa3 Bxf4 20.Nxd8 Bxc1 21.Nxe6 fxe6
22.Bxc6  1-0

[Event "16th Open"]
[Site "Ljubljana SLO"]
[Date "2005.07.14"]
[Round "8"]
[White "Sax,G"]
[Black "Jelen,Ig"]
[Result "1/2-1/2"]
[WhiteElo "2568"]
[BlackElo "2334"]

1.e4 c5 2.Nf3 Nc6 3.Bb5 g6 4.Bxc6 dxc6 5.d3 Bg7 6.h3 Nf6 7.Nc3 Nd7 8.Be3 e5
9.Qd2 h6 10.O-O Qe7 11.Nh2 Nf8 12.f4 exf4 13.Rxf4 Ne6 14.Rf2 Nd4 15.Raf1 Be6
16.Ng4 O-O-O 17.Bxh6 Bxh6 18.Nxh6 Rh7 19.Qf4 f5 20.exf5 gxf5 21.Qe3 Qd7 22.Na4 b6
23.c3 Rdh8 24.cxd4 cxd4 25.Qe5 Rxh6 26.Rf4 Rg8 27.Rxd4 Bd5 28.Rf2 Rxh3 29.Nc3 Qh7
30.Kf1 Bxg2+ 31.Ke2 Qh6 32.Qxf5+ Kb8  1/2-1/2

[Event "57th ch-Montenegro"]
[Site "Cetinje SCG"]
[Date "2005.07.15"]
[Round "8"]
[White "Brajovic,R"]
[Black "Draganic,V"]
[Result "1-0"]
[WhiteElo "2296"]
[BlackElo "2311"]

1.e4 c5 2.Nf3 Nc6 3.Bb5 g6 4.Bxc6 dxc6 5.d3 Bg7 6.O-O e5 7.h3 Qe7 8.c3 Nf6
9.Re1 Nd7 10.d4 cxd4 11.cxd4 exd4 12.Nxd4 O-O 13.Nc3 Nc5 14.Nf3 Rd8 15.Qe2 b6
16.e5 Ba6 17.Bg5 Qf8 18.Qe3 Rd3 19.Qf4 Ne6 20.Qh4 c5 21.Be7 Qe8 22.Ne4 Rxf3
23.gxf3 Nd4 24.Nf6+ Bxf6 25.Qxf6 Qd7 26.Kg2 Bc8 27.e6 fxe6 28.Qf8+  1-0

[Event "Open"]
[Site "Condom FRA"]
[Date "2005.07.15"]
[Round "8"]
[White "Venner,L"]
[Black "Marciniak,A"]
[Result "1-0"]
[WhiteElo "2077"]
[BlackElo "2193"]

1.e4 c5 2.Nf3 Nc6 3.Bb5 e5 4.O-O Nge7 5.Re1 g6 6.c3 Bg7 7.d4 cxd4 8.cxd4 exd4
9.e5 d6 10.Bg5 Be6 11.Nxd4 Qb6 12.Bxe7 dxe5 13.Nxe6 Kxe7 14.Bxc6 fxe6 15.Qd7+ Kf6
16.Qxb7  1-0